000
00267nam a2200109Ia 4500
008
191201s2013 xx 000 0 und d
100
_a
KOEGELBUFORD, John F
245
0
_a
Multimedia Systems
250
_a
IMP14th
260
_c
2013
_b
Pearson
_a
New Delhi
942
_2
ddc
_c
BK
999
_c
7941
_d
7941